Statistics for Top 100 NCAA Basketball Players (2019-2020)

Click here to take the quiz!

General Stats

  • This quiz has been taken 126 times
  • The average score is 24 of 100

Answer Stats

#SchoolClassPlayer% Correct
1Michigan StateSeniorCassius Winston
81%
3MarquetteSeniorMarkus Howard
72%
5MemphisFreshmanJames Wiseman
69%
9GeorgiaFreshmanAnthony Edwards
67%
83Texas TechSophomoreKyler Edwards
65%
2Seton HallSeniorMyles Powell
65%
8DukeSophomoreTre Jones
64%
7North CarolinaFreshmanCole Anthony
63%
21MarylandSophomoreJalen Smith
53%
6LouisvilleJuniorJordan Nwora
51%
4KansasSophomoreDevon Dotson
49%
18DukeFreshmanVernon Carey
45%
12KansasSeniorUdoka Azubuike
44%
60NC StateSeniorMarkell Johnson
42%
20OregonSeniorPayton Pritchard
42%
84PittsburghSophomoreXavier Johnson
42%
75IowaJuniorLuka Garza
40%
50Michigan StateJuniorXavier Tillman
40%
10MarylandSeniorAnthony Cowan
37%
39KentuckyFreshmanTyrese Maxey
33%
13KentuckySophomoreAshton Hagans
32%
14WashingtonFreshmanIsaiah Stewart
32%
27AlabamaSophomoreKira Lewis Jr.
32%
11Michigan StateSeniorJosh Langford
31%
29Penn StateSeniorLamar Stevens
31%
24FloridaFreshmanScottie Lewis
31%
80Michigan StateSophomoreAaron Henry
29%
71Detroit-MercySophomoreAntoine Davis
29%
15Ohio StateJuniorKaleb Wesson
29%
16GonzagaSeniorKillian Tillie
29%
31WashingtonFreshmanJaden McDaniels
27%
23Utah StateSeniorSam Merrill
27%
17CincinnatiSeniorJarron Cumberland
26%
52DukeFreshmanMatthew Hurt
26%
33MichiganSeniorZavier Simpson
26%
38IllinoisSophomoreAyo Dosunmu
24%
99North CarolinaJuniorGarrison Brooks
23%
64VirginiaSeniorMamadi Diakite
23%
26KansasFreshmanNico Mannion
23%
87Florida StateFreshmanTre Mann
23%
49BaylorJuniorTristan Clark
23%
56ArizonaFreshmanJosh Green
22%
47MemphisFreshmanPrecious Achiuwa
22%
78Iowa StateSophomoreTyrese Haliburton
22%
22CreightonJuniorTy-Shon Alexander
22%
45Western KentuckySophomoreCharles Bassey
21%
19Virginia TechSeniorKerry Blackshear Jr.
21%
81LouisvilleFreshmanSamuell Williamson
21%
30VermontSeniorAnthony Lamb
19%
40VillanovaFreshmanJeremiah Robinson-Earl
19%
55ColoradoJuniorMcKinley Wright IV
19%
63Arizona StateJuniorRemy Martin
19%
69MichiganSeniorJon Teske
18%
72PurdueJuniorMatt Haarms
18%
25Texas TechJuniorDavide Moretti
17%
34TCUSeniorDesmond Bane
17%
35FloridaSophomoreAndrew Nembhard
15%
79Utah StateSophomoreNeemias Queta
15%
51MiamiJuniorChris Lykes
14%
67LSUSophomoreJavonte Smart
14%
86Notre DameSeniorJohn Mooney
14%
36ButlerSeniorKamar Baldwin
14%
44Oregon StateSeniorTres Tinkle
14%
43ProvidenceSeniorAlpha Diallo
13%
28St. Mary'sSeniorJordan Ford
13%
46VCUSeniorMarcus Evans
13%
70XavierJuniorNaji Marshall
13%
37LSUSeniorSkylar Mays
13%
100WisconsinJuniorBrad Davison
12%
96VirginiaSeniorBraxton Key
12%
68VillanovaFreshmanBryan Antoine
12%
92USCFreshmanIsaiah Mobley
12%
73KansasSophomoreOchai Agbaji
12%
54Mississippi StateSophomoreReggie Perry
12%
42BYUSeniorYoeli Childs
12%
93South CarolinaSophomoreAJ Lawson
10%
62SyracuseJuniorElijah Hughes
10%
90TexasJuniorMatt Coleman
10%
88PurdueJuniorNojel Eastern
10%
97AuburnJuniorAustin Wiley
9%
65HarvardSeniorBryce Aiken
9%
98WisconsinJuniorD'Mitrik Trice
9%
95UNC GreensboroJuniorIsaiah Miller
9%
91Georgia TechJuniorJose Alvarado
9%
32GeorgetownSophomoreJames Akinjo
8%
48KentuckyFreshmanKahlil Whitney
8%
58Florida StateSeniorTrent Forrest
8%
85Kansas StateSeniorXavier Sneed
8%
41Ole MissSeniorBreein Tyree
6%
89SienaSophomoreJalen Pickett
6%
59TennesseeSeniorLamonte Turner
6%
74St. John'sSeniorMustapha Heron
6%
66GeorgetownJuniorOmer Yurtseven
6%
61DavidsonJuniorKellan Grady
5%
76AuburnJuniorSamir Doughty
5%
53HoustonJuniorDejon Jarreau
4%
77TennesseeSeniorJordan Bowen
4%
57GonzagaSeniorAdmon Gilder
1%
82TempleSeniorQuenton Rose
1%
94OklahomaSeniorKristian Dolittle
0%

Score Distribution

Percentile by Number Answered

Percent of People with Each Score

Your Score History

You have not taken this quiz